Music Quiz

Random Music or Singers Quiz
Score 0/20 Timer 05:00
5 Plays Today
Hint Answer % Correct
Billy Joel - An Innocent Man
91.4%
Bon Jovi - Slippery When Wet
89.6%
Bruce Springsteen - Born in the U.S.A.
88.8%
Madonna - True Blue
88.8%
U2 - War
88.1%
Phil Collins - Face Value
86.9%
Duran Duran - Rio
86.2%
Rick Astley - Whenever You Need Somebody
82.5%
Tina Turner - Private Dancer
82%
Wham! - Make it Big
79%
Hint Answer % Correct
Men at Work - Business as Usual
77.1%
Prince - Purple Rain
76.6%
Paul Simon - Graceland
76.1%
Tracy Chapman - s/t
74.4%
The Police - Ghost in the Machine
73.1%
Janet Jackson - Control
67.9%
Paula Abdul - Forever Your Girl
66%
Talking Heads - Speaking in Tongues
64.1%
Huey Lewis and the News - Sports
63.1%
Queen - A Kind of Magic
40.9%
Remove Ads.
Support Sporcle.
Get the best of Sporcle when you Go Orange. This ad-free experience offers more features, more stats, and more fun while also helping to support Sporcle. Thank you for becoming a member.

You're not logged in!

Compare scores with friends on all Sporcle quizzes.
OR
Log In

Sporcle TV

Today on Sporcle TV


Watch our educational content, quiz creation guides, and fun videos on Sporcle TV.

Show Comments

Extras

Top Quizzes Today


Score Distribution

Paid Content

Your Account Isn't Verified!

In order to create a playlist on Sporcle, you need to verify the email address you used during registration. Go to your Sporcle Settings to finish the process.

Report this User

Report this user for behavior that violates our Community Guidelines.

Details: